000
00336pab a2200145 454500
008
180718b2002 xxu||||| |||| 00| 0 eng d
100
_a
Pant, Manoj
245
_a
Women empowerment - perspective and approach
260
_c
2002
300
_a
p.73-77.
362
_a
Dec
650
_a
Women
773
_a
Administrator
909
_a
57982
999
_c
57982
_d
57982